Boston Celtics 2018-19 Roster - Statistics

General Stats
  • This quiz has been taken 520 times
  • The average score is 11 of 18
Answer Stats
Nbr Post Player % Correct
0 SF Jayson Tatum
98%
7 SG Jaylen Brown
96%
11 PG Kyrie Irving
91%
42 PF Al Horford
90%
36 PG Marcus Smart
89%
20 SF Gordon Hayward
74%
- Head Coach Brad Stevens
71%
46 C Aron Baynes
67%
44 C Robert Williams III
65%
12 PG Terry Rozier
63%
13 PF Marcus Morris
60%
27 PF Daniel Theis
57%
37 PF Semi Ojeleye
43%
9 PG Brad Wanamaker
42%
30 PF Guerschon Yabusele
37%
26 SG Jabari Bird
18%
50 PG PJ Dozier
16%
45 PG Walter Lemon Jr.
3%
No matching quizzes found
Score Distribution
Percent of People with Each Score
Percentile by Number Answered
Your Score History
You have not taken this quiz